000 00933nam a22002057a 4500
999 _c18488
_d18488
003 AR-CdUCM
008 190514b ||||| |||| 00| 0 spa d
040 _aMUNICIPALIDAD PROVINCIAL DEL CUSCO
_cBIBLIOTECA MUNICIPAL DEL CUSCO
082 _a320.985 /
_bB39
100 _aBernales, Enrique
_939109
245 _aCrisis política : ¿solución electoral? :
_banalisis de los resultados de las elecciones para la asamblea constituyente de 1978 /
260 _aLima :
_bDesco,
_c1980.
300 _a132 paginas ;
_bCuadros, mapas plegables,
_c21 cm.
505 _aContenido : Crisis económica, bloqueo político y salida electoral -- La asamblea constituyente un paso previo de la transferencia -- El desarrollo del proceso electoral -- Análisis de resultados electoral...
650 _aCrisis económica
_96402
650 _aprocesos electorales
_939110
650 _aPerú
_935
942 _2ddc
_cLIBROS
945 _awnts
_d2019-05-14